| 000 | 00326nam a2200121Ia 4500 | ||
|---|---|---|---|
| 008 | 230907s9999||||xx |||||||||||||| ||und|| | ||
| 082 |
_a621.319 _bSAL |
||
| 100 |
_aSallam, A. A. _9115687 |
||
| 245 | 0 | _aElectric distribution systems / | |
| 260 |
_aWiley-IEEE Press, _bHoboken, N.J. : _c2019 |
||
| 300 | _a604 p. : | ||
| 942 | _cBK | ||
| 999 |
_c599145 _d599145 |
||